Meilleures équipes sud-américaines - Statistiques

Statistiques générales
  • Ce quiz a été pris 54 fois
  • Le résultat moyen est 5 sur 5
Statistiques - réponses
Classement Rang mondial Nation % Correct
2 5 Brésil
100%
1 2 Argentine
98%
4 17 Uruguay
98%
3 14 Colombie
94%
5 23 Equateur
83%
Aucun quiz correspondant
Distribution des résultats
% des personnes avec chaque résultat
Percentile par nombre de réponses
Votre historique - résultats
Vous n’avez pas pris ce quiz